| 000 | 01279nam a2200289 i 4500 | ||
|---|---|---|---|
| 001 | 189892 | ||
| 003 | SpMaBN | ||
| 005 | 20250630225925.0 | ||
| 008 | 191218s1976 sp af |||| | spa d | ||
| 020 | _a84-00-03524-0 | ||
| 080 | _a904(365 Murcia) | ||
| 100 | 1 |
_aMolina García, Jerónimo. _9169172 |
|
| 245 | 1 | 0 |
_aCoimbra del Barranco Ancho _b: [Jumilla-Murcia] / _cpor J. Molina Garcia, M. de la C. Molina Gunde [i.e. Grande] y S. Nordstrom. |
| 260 |
_aValencia : _b[Institución Alfonso El Magnánimo], _c1976. |
||
| 300 |
_a97 p., 1 h., XXVIII lám. : _bil. ; _c27 cm. |
||
| 490 | 1 |
_aSerie de trabajos varios ; _v52 |
|
| 594 | _aPrecede al tít.: Servicio de Investigación Prehistórica, Diputación Provincial de Valencia. | ||
| 651 | 7 |
_aCoimbra del Barranco Ancho (Murcia, Yacimiento) _9169173 |
|
| 651 | 7 |
_aJumilla- _xRestos arqueológicos. _9169174 |
|
| 651 | 7 |
_aMurcia (Comunidad Autónoma)- _xRestos arqueológicos ibéricos. _9169175 |
|
| 700 | 1 |
_aMolina Grande, María Concepción. _9169176 |
|
| 700 | 1 |
_aNordström, Solveig. _9193458 |
|
| 710 | 2 |
_aServicio de Investigación Prehistórica (Valencia) _9169161 |
|
| 830 | 0 | 0 |
_aSerie de trabajos varios _v52 _9187022 |
| 852 |
_aES-MaACL _jL-32475 _z. - Donat. Viuda Antonio Tovar |
||
| 999 |
_c189892 _d189892 |
||